00862nas a2200229Ia 4500001001100000003000900011008004100020040001300061040001300074041001300087100004700100210001300147222001300160245010100173250001100274260003000285501008600315300002000401362003500421500013800456650003800594R224/C6213IT-RoPAU151124c99999999xx |||||||||||| ||und|| aIT-RoPAU cIT-RoPAU aITALIANO aD'Antuono NicolagCodice Aut. SPICS: 48171 aBERENICE aBerenice aBERENICE, ANNO 01-N.03 (NOVEMBRE 1993)bAlle Soglie Dell'Estetismo In Italia: "Cronaca Sibarita" a1a ed. aROMAbPAGINE S.R.L.c1993 bPaulus - SPICS - Società San Paolo EM (non-commercial uses only)cCopyright2015 a14 p. [327-340] aANNO 001, N.03 (NOVEMBRE 1993) aCronaca Sibarita: Rivista Letteraria Artistica, Edita a Napoli per 5 Fascicoli nel 1884 e 3 per il 1885, Poi Cesso' le Pubblicazioni. aESTETICAvPUBBLICAZIONE PERIODICA